Le fou d'Amerique

में बचाया:
ग्रंथसूची विवरण
मुख्य लेखक: Berger, Yves
स्वरूप: पुस्तक
भाषा:Undetermined
प्रकाशित: París, Francia Grasset 1978
विषय:
टैग: टैग जोड़ें
कोई टैग नहीं, इस रिकॉर्ड को टैग करने वाले पहले व्यक्ति बनें!

MARC

LEADER 00000nam a2200000Ia 4500
008 170316s9999 xx 000 0 und d
040 |a cru BVZT 
090 |a 840 B-14f 
100 |a Berger, Yves 
245 |a Le fou d'Amerique 
260 |a París, Francia 
260 |b Grasset 
260 |c 1978 
300 |a 346 páginas 
650 |a LITERATURA FRANCESA 
999 |c 7491  |d 7491 
942 |c 15 D  |h 840 B-14f  |2 z